000 00738nam a2200217Ia 4500
003 GCL
008 140319s9999 xx 000 0 ara d
040 _aGCL /
_cGCL
082 0 4 _a953
_bن ت
100 1 _aنجمان ياسين
245 1 0 _aتطور الاوضاع الاقتصادية فى عصر الرسالة والراشدين /
_cنجمان ياسين
260 _a[S.N] :
_bدار الشئون الثقافية ،
_c1991
490 _a
650 0 4 _aالسيرة النبوية
650 0 4 _aشبه الجزيرة العربية
650 0 4 _aالاقتصاد الاسلامى
650 0 4 _aالتاريخ الاسلامى
650 0 4 _aالتاريخ
650 0 4 _aالخلفاء الراشدون
942 _2ddc
_cBK
999 _c58664
_d58664